000 00900nam a22002297a 4500
001 48950
003 BD-RjUL
005 20211209054619.0
008 160817r19861979ii ||||| |||| 00| 0 ben d
020 _c: IRs 60.00
035 _a(BD-RjUL)49069
040 _aBD-RjUL
_bben
_cBD-RjUL
041 _aben
082 _223
_a891.44108
_bGOB 1986
245 0 0 _aগোবিন্দ্রচন্দ্র দাস কাব্যসম্ভার /
260 _aকলিকাতা :
_bমিত্র ও ঘোষ,
_c১৯৭৯ [মুদ্রণ ১৯৮৬]
300 _a৮৪৩ পৃ. ;
_c২১ সেমি.
650 _aবাংলা কবিতা
_xসংগ্রহ
_9126131
650 _aBengali Poetry
_xCollections
_9137130
700 _aমুখোপাধ্যায়, অরুণকুমার, সম্পাদক
_9147414
942 _2ddc
_cBK
999 _c48950
_d48950